000 00778nam2a22002531 4500
001 rc\799545
005 20250622102336.0
010 _a0-933884-46-X
035 _a(NLR Aleph) 006237070
090 _a6632634
_c6632634
100 _a20041129d1986 |||y0rusy50 ca
101 0 _arus
102 _aRU
105 _aa |||||||||
200 1 _aТихий страж
_aБабушкина шкатулка
_eРассказы
210 _d1986
_aБ. м.
215 _a375 с., 1 л. факс.
225 1 _a...
_vVol. 19
461 0 _1001rc\799539
_12001#$aПроза$fМ.А. Кузмин$v6
_1700#1$aКузмин$bМ.А.$gМихаил Алексеевич$f1875-1936
801 0 _aRU
_bNLR
_gpsbo
801 1 _aRU
_bELAR
_2rusmarc
852 _aNLR
_jР34/1897
942 _cBOOK
980 _aNB